Statistics for Jay-Z Albums

Click here to take the quiz!

General Stats

  • This quiz has been taken 1,159 times
  • The average score is 7 of 11

Answer Stats

HintAnswer% Correct
2001The Blueprint
90%
2002The Blueprint 2: The Gift & the Curse
87%
2003The Black Album
86%
1996Reasonable Doubt
79%
2009The Blueprint 3
75%
2007American Gangster
58%
2006Kingdom Come
55%
1998Vol.2 Hard Knock Life
55%
1997In My Lifetime, Vol.1
38%
1999Vol.3 Life and Times of S Carter
38%
2000The Dynasty: Roc La Familia
36%

Score Distribution

Percentile by Number Answered

Percent of People with Each Score

Your Score History

You have not taken this quiz